[Event "Championnat de France - Accession"]
[Site "Pau"]
[Date "2008.08.12"]
[Round "1.1"]
[White "Shirazi, Kamran"]
[Black "Crouan, Stephane"]
[Result "1-0"]
[WhiteElo "2440"]
[BlackElo "2224"]
[PlyCount "73"]

1. e4 e5 2. Nc3 Nc6 3. f4 d6 4. Bb5 Bd7 5. Bxc6 Bxc6 6. Nf3 Nf6 7. d3 exf4 8.
Bxf4 Be7 9. O-O O-O 10. Nd4 Bd7 11. h3 c6 12. Be3 Ne8 13. Qd2 Nc7 14. Nf5 Bxf5
15. Rxf5 b5 16. Raf1 f6 17. a4 a6 18. b3 Qd7 19. g4 Rae8 20. Qg2 b4 21. Ne2 d5
22. Ng3 dxe4 23. dxe4 Ne6 24. Qe2 Bd6 25. R5f3 Bxg3 26. Rxg3 Qd6 27. Rgf3 c5
28. Qc4 Kh8 29. Qd5 Qc7 30. e5 Qxe5 31. Qxe5 fxe5 32. Rxf8+ Nxf8 33. Bxc5 Ne6
34. Bxb4 Nf4 35. h4 Kg8 36. Bd6 Nd5 37. Rf5 1-0

[Event "Championnat de France - Accession"]
[Site "Pau"]
[Date "2008.08.12"]
[Round "1.2"]
[White "Mandon, Fabrice"]
[Black "Nguyen, Chi-Minh"]
[Result "1/2-1/2"]
[WhiteElo "2221"]
[BlackElo "2432"]
[PlyCount "114"]

1. e4 e6 2. d4 d5 3. Nc3 Bb4 4. e5 Ne7 5. a3 Bxc3+ 6. bxc3 b6 7. Bg5 Qd7 8.
Bxe7 Qxe7 9. Nf3 Ba6 10. Bxa6 Nxa6 11. Qd3 Nb8 12. O-O O-O 13. c4 dxc4 14. Qxc4
Rc8 15. Rfe1 Nd7 16. Qc6 Nf8 17. c4 Qe8 18. Qe4 Qa4 19. Qd3 Rd8 20. Rad1 Rd7
21. Rd2 Rad8 22. Qc3 Ng6 23. g3 Qc6 24. Re3 Ne7 25. Red3 h6 26. Qb3 Qe4 27. Re3
Qf5 28. Qa4 c6 29. Kg2 g5 30. Qb4 Ng6 31. h3 h5 32. d5 c5 33. Qa4 g4 34. hxg4
hxg4 35. Nh4 Nxh4+ 36. gxh4 exd5 37. cxd5 Rxd5 38. Rxd5 Rxd5 39. Qe4 Qxe4+ 40.
Rxe4 Rd4 41. Re3 Kf8 42. Kg3 c4 43. Re1 c3 44. Rc1 Rc4 45. h5 b5 46. f4 gxf3
47. Kxf3 a5 48. Ke3 Rh4 49. Rxc3 Rxh5 50. Kd4 Rh4+ 51. Kd5 b4 52. axb4 axb4 53.
Rc7 Rh1 54. Rb7 Rb1 55. Kc4 Rc1+ 56. Kd5 Rb1 57. Kc4 Re1 1/2-1/2

[Event "Championnat de France - Accession"]
[Site "Pau"]
[Date "2008.08.12"]
[Round "1.3"]
[White "Aguettaz, Maxime"]
[Black "Laporte, Damien"]
[Result "1-0"]
[WhiteElo "2426"]
[BlackElo "2212"]
[PlyCount "49"]

1. Nf3 c5 2. c4 g6 3. Nc3 Bg7 4. g3 Nc6 5. Bg2 e6 6. O-O Nge7 7. d4 Nxd4 8.
Nxd4 cxd4 9. Nb5 Nc6 10. e3 O-O 11. exd4 a6 12. Nd6 Qe7 13. c5 Nxd4 14. Rb1 Be5
15. b4 Bxd6 16. Qxd4 Bc7 17. Bh6 f6 18. Bxf8 Kxf8 19. a4 Rb8 20. a5 d5 21. cxd6
Bxd6 22. Rfd1 Bc7 23. Rbc1 b6 24. axb6 Bxb6 25. Rxc8+ 1-0

[Event "Championnat de France - Accession"]
[Site "Pau"]
[Date "2008.08.12"]
[Round "1.4"]
[White "Frederic, Clement"]
[Black "Housieaux, David"]
[Result "1/2-1/2"]
[WhiteElo "2209"]
[BlackElo "2411"]
[PlyCount "109"]

1. e4 e6 2. d4 d5 3. Nc3 Bb4 4. e5 Ne7 5. Qg4 Nf5 6. a3 Be7 7. Nf3 b6 8. Bd3 h5
9. Qf4 g6 10. Qd2 c5 11. Ne2 Ba6 12. Bxa6 Nxa6 13. c3 Nb8 14. b4 Nc6 15. g3 Rc8
16. O-O g5 17. Nxg5 cxd4 18. cxd4 Bxg5 19. Qxg5 Qxg5 20. Bxg5 Ncxd4 21. Nxd4
Nxd4 22. Kg2 Rg8 23. Bf4 Kd7 24. Rfd1 Rc4 25. Rd3 Rgc8 26. Be3 Nc2 27. Rad1 Rc3
28. Kh3 Nxa3 29. Kh4 Rxd3 30. Rxd3 Nc4 31. Bf4 a5 32. h3 Rh8 33. Kg5 Kc6 34.
bxa5 bxa5 35. Kf6 Rh7 36. Rb3 a4 37. Rb8 Nb6 38. Rd8 a3 39. Bc1 Kc7 40. Rg8
Nd7+ 41. Ke7 f6+ 42. Kxe6 fxe5 43. Ra8 d4 44. Rxa3 Kc6 45. f4 e4 46. f5 Nc5+
47. Ke5 Rd7 48. Bd2 e3 49. Bxe3 Re7+ 50. Kf4 Re4+ 51. Kf3 dxe3 52. Rxe3 Kd5 53.
Rxe4 Nxe4 54. Kf4 Nxg3 55. Kxg3 1/2-1/2

[Event "Championnat de France - Accession"]
[Site "Pau"]
[Date "2008.08.12"]
[Round "1.5"]
[White "Bujisho, Benjamin"]
[Black "Lorans, Sylvain"]
[Result "1-0"]
[WhiteElo "2402"]
[BlackElo "2209"]
[PlyCount "91"]

1. d4 Nf6 2. c4 e6 3. Nc3 c5 4. d5 exd5 5. cxd5 d6 6. e4 g6 7. Nf3 a6 8. h3 b5
9. Bd3 Bg7 10. O-O O-O 11. a3 Nbd7 12. Bf4 Qe7 13. Re1 Nh5 14. Bg5 Bf6 15. Bh6
Ng7 16. Qd2 Ne5 17. Nxe5 Bxe5 18. Bf1 Bd4 19. g3 f5 20. exf5 Qf7 21. Ne2 Be5
22. f4 Bf6 23. Bxg7 Qxg7 24. fxg6 Bxb2 25. gxh7+ Kh8 26. Ra2 Bf6 27. g4 Bf5 28.
Bg2 Bxh7 29. g5 Rg8 30. Rf1 c4 31. Rf2 Bd8 32. Kh1 Bb6 33. Rf3 Bb1 34. h4 Bxa2
35. Qxa2 Rac8 36. Bh3 Rc7 37. Be6 Rf8 38. h5 c3 39. Qc2 Qh7 40. g6 Qh6 41. Kg2
Rc4 42. Bf7 Rfc8 43. Be6 R8c7 44. Qf5 Bd4 45. Nxd4 Rxd4 46. Qf6+ 1-0

[Event "Championnat de France - Accession"]
[Site "Pau"]
[Date "2008.08.12"]
[Round "1.6"]
[White "Fougerit, Valentin"]
[Black "Guilleux, Fabien"]
[Result "0-1"]
[WhiteElo "2203"]
[BlackElo "2397"]
[PlyCount "92"]

1. e4 c5 2. Nf3 d6 3. Bb5+ Bd7 4. Bxd7+ Qxd7 5. O-O Nf6 6. e5 dxe5 7. Nxe5 Qc8
8. Na3 e6 9. Qf3 Be7 10. b3 O-O 11. Bb2 Nfd7 12. Nxd7 Qxd7 13. Nc4 Na6 14. Rae1
Nb4 15. Qg4 g6 16. Qe4 Qd5 17. Qxd5 Nxd5 18. a3 Rfd8 19. d3 b5 20. Ne3 Rac8 21.
Ra1 c4 22. bxc4 Nxe3 23. fxe3 bxc4 24. d4 c3 25. Bc1 e5 26. a4 exd4 27. exd4
Rxd4 28. Be3 Re4 29. Bxa7 Ra8 30. Bb6 Raxa4 31. Rxa4 Rxa4 32. Rf3 Rb4 33. Ba7
Rc4 34. Kf1 f5 35. Ke2 Bf6 36. Rd3 Re4+ 37. Re3 Ra4 38. Bb8 Kf7 39. Be5 f4 40.
Bxf6 fxe3 41. Bxc3 Rc4 42. Kd3 Rc6 43. Bd4 e2 44. Kxe2 Rxc2+ 45. Kf3 Ke6 46. h3
Ra2 0-1

[Event "Championnat de France - Accession"]
[Site "Pau"]
[Date "2008.08.12"]
[Round "1.7"]
[White "Debray, Christopher"]
[Black "Vallet, Marc"]
[Result "1-0"]
[WhiteElo "2378"]
[BlackElo "2200"]
[PlyCount "79"]

1. d4 Nf6 2. c4 e6 3. Nf3 b6 4. g3 Ba6 5. Nbd2 c5 6. Bg2 Bb7 7. O-O cxd4 8.
Nxd4 Bxg2 9. Kxg2 Bb4 10. N2b3 Be7 11. Nb5 d6 12. Bf4 e5 13. Bg5 Qd7 14. Bxf6
gxf6 15. e4 a6 16. Nc3 h5 17. Nd5 Qc6 18. h4 Nd7 19. Qf3 Kf8 20. Rfd1 Rh6 21.
Rd2 a5 22. a4 Qxc4 23. Qe3 Rg6 24. Rc1 Qxa4 25. Qd3 Bd8 26. Ne3 Nc5 27. Nxc5
bxc5 28. Rc4 Qc6 29. Qe2 f5 30. Nxf5 Kg8 31. Qxh5 Rb8 32. Qd1 Kh7 33. h5 Re6
34. Nxd6 Rb4 35. Rxb4 cxb4 36. Nxf7 Be7 37. Qg4 Rf6 38. Nxe5 Qc7 39. Ng6 Rf7
40. Nf4 1-0

[Event "Championnat de France - Accession"]
[Site "Pau"]
[Date "2008.08.12"]
[Round "1.8"]
[White "Camus, Berenger"]
[Black "Roos, Louis"]
[Result "0-1"]
[WhiteElo "2194"]
[BlackElo "2375"]
[PlyCount "86"]

1. d4 e6 2. c4 f5 3. Nc3 Nf6 4. g3 Bb4 5. Bd2 a5 6. Bg2 O-O 7. e3 d5 8. b3 c6
9. Nf3 Nbd7 10. O-O Qe7 11. Qc1 Ba3 12. Qc2 b6 13. Ne5 Bb7 14. f4 Rac8 15. Bc1
Ba6 16. Re1 Rfd8 17. Bb2 Ne4 18. Nxe4 Bxb2 19. Qxb2 Nxe5 20. dxe5 dxe4 21. Rad1
Rc7 22. Bf1 Rcd7 23. Rd4 c5 24. Rxd7 Qxd7 25. Kf2 Kf7 26. Be2 Qd2 27. Qxd2 Rxd2
28. Rd1 Rxa2 29. Rd7+ Ke8 30. Ra7 Bc8 31. Rxg7 h6 32. Rc7 Bd7 33. Rb7 Rb2 34.
Rxb6 a4 35. Ke1 a3 36. Kf2 a2 37. Ra6 Kd8 38. h3 h5 39. h4 Kc7 40. Ra7+ Kb6 41.
Ra8 Kb7 42. Ra5 Bc6 43. Ra3 Kb6 0-1

[Event "Championnat de France - Accession"]
[Site "Pau"]
[Date "2008.08.12"]
[Round "1.9"]
[White "Payen, Arnaud"]
[Black "Strugnell, Carl"]
[Result "1-0"]
[WhiteElo "2372"]
[BlackElo "2194"]
[PlyCount "81"]

1. d4 Nf6 2. Nf3 g6 3. Bf4 Bg7 4. e3 d5 5. Be2 O-O 6. O-O c5 7. c3 Qb6 8. Qb3
c4 9. Qc2 Bf5 10. Qc1 Nc6 11. h3 Bxb1 12. Rxb1 Qa5 13. b4 cxb3 14. axb3 Ne4 15.
b4 Qb6 16. c4 dxc4 17. Qxc4 Rac8 18. Qd3 Nf6 19. b5 Na5 20. Ne5 Qe6 21. Rfc1
Nd7 22. Qa3 Bxe5 23. Bxe5 b6 24. Bc7 Nf6 25. Rc2 Qd7 26. Rbc1 Nd5 27. Be5 Rxc2
28. Rxc2 Rc8 29. Qc1 Rxc2 30. Qxc2 f6 31. Bg3 f5 32. Be5 Kf7 33. g4 e6 34. Kg2
Nb4 35. Qc1 Qd5+ 36. e4 Qb7 37. Kg3 Ke8 38. exf5 exf5 39. gxf5 gxf5 40. Bh5+
Kd7 41. Qh6 1-0

[Event "Championnat de France - Accession"]
[Site "Pau"]
[Date "2008.08.12"]
[Round "1.10"]
[White "Bonn, Thomas"]
[Black "Bedouin, Xavier"]
[Result "1/2-1/2"]
[WhiteElo "2190"]
[BlackElo "2365"]
[PlyCount "77"]

1. e4 c5 2. Nf3 Nc6 3. d4 cxd4 4. Nxd4 Nf6 5. Nc3 e5 6. Ndb5 d6 7. Bg5 a6 8.
Na3 b5 9. Nd5 Be7 10. Bxf6 Bxf6 11. c3 O-O 12. Nc2 Rb8 13. Bd3 Bg5 14. O-O a5
15. Qe2 b4 16. cxb4 Nxb4 17. Ncxb4 axb4 18. Rad1 Kh8 19. Qe1 b3 20. a3 Be6 21.
Nb4 Qb6 22. Qe2 Rbc8 23. Ba6 Rc2 24. Qh5 Bh6 25. Rb1 Qd4 26. Qd1 Rd2 27. Qf3
Rxb2 28. Nc6 Qd2 29. Rbd1 Qc2 30. Rxd6 Qc5 31. Rd8 g6 32. Rxf8+ Qxf8 33. Nxe5
Bg7 34. Bc4 Bxe5 35. Bxe6 Qb8 36. Qxf7 Bd4 37. Qd7 Ba7 38. Qf7 Bd4 39. Qd7
1/2-1/2

[Event "Championnat de France - Accession"]
[Site "Pau"]
[Date "2008.08.12"]
[Round "1.12"]
[White "Li, Frederic"]
[Black "Manouck, Thierry"]
[Result "1-0"]
[WhiteElo "2186"]
[BlackElo "2358"]
[PlyCount "111"]

1. Nf3 d6 2. d4 Nf6 3. c4 Nbd7 4. Nc3 e5 5. e4 c6 6. Be2 a6 7. O-O Be7 8. b4 a5
9. b5 Qc7 10. Ne1 O-O 11. Be3 exd4 12. Bxd4 Nc5 13. f3 Be6 14. Rc1 Rad8 15. Qc2
Ne8 16. Na4 Nxa4 17. Qxa4 c5 18. Bc3 b6 19. Nd3 Bf6 20. Be1 Bd4+ 21. Kh1 Qe7
22. Bg3 g6 23. Rfe1 h5 24. f4 Qf6 25. h3 h4 26. Bh2 Qg7 27. Bf3 f5 28. e5 Nc7
29. exd6 Rxd6 30. Ne5 Bxe5 31. Rxe5 Rfd8 32. Rce1 Bf7 33. Re7 Re8 34. Bg1 Qc3
35. R1e3 Qc1 36. Re1 Qxe1 37. Rxe1 Rxe1 38. Qc2 Ne6 39. Qf2 Rc1 40. Bd5 Nd4 41.
Qe3 Bxd5 42. Qxc1 Ne2 43. Qe1 Bxc4 44. Bf2 Bd3 45. Qa1 Re6 46. Bxh4 Nxf4 47.
Bg5 Ne2 48. Bh6 Nd4 49. Qc3 Bxb5 50. Qg3 Nc6 51. Qc7 Re7 52. Qxb6 Ba4 53. Qxc5
Kh7 54. Bg5 Re4 55. Qf8 Re1+ 56. Kh2 1-0

[Event "Championnat de France - Accession"]
[Site "Pau"]
[Date "2008.08.12"]
[Round "1.13"]
[White "Saucey, Michel"]
[Black "Remille, Tristan"]
[Result "1-0"]
[WhiteElo "2348"]
[BlackElo "2185"]
[PlyCount "69"]

1. d4 d5 2. Nf3 Nf6 3. c4 c6 4. e3 Bf5 5. Nc3 e6 6. Nh4 Bg6 7. Nxg6 hxg6 8. Bd2
Nbd7 9. Qb3 Qb6 10. g3 g5 11. Bg2 Qa6 12. c5 b6 13. cxb6 Rb8 14. Qc2 Nxb6 15.
b3 Bb4 16. Nb1 Nbd7 17. Bxb4 Rxb4 18. Nc3 O-O 19. Ne2 c5 20. dxc5 Rc8 21. O-O
Nxc5 22. Rfc1 Rbb8 23. Nc3 Qd3 24. Bf1 Qxc2 25. Rxc2 Ncd7 26. Rac1 Nb6 27. Ba6
Rd8 28. Nb5 e5 29. Nxa7 Ra8 30. Nc6 Rd6 31. Bb5 Nbd7 32. Ne7+ Kh7 33. Nf5 Re6
34. Rc8 Rxc8 35. Rxc8 1-0

[Event "Championnat de France - Accession"]
[Site "Pau"]
[Date "2008.08.12"]
[Round "1.14"]
[White "Wunderman, Xavier"]
[Black "Vernay, Clovis"]
[Result "1-0"]
[WhiteElo "2182"]
[BlackElo "2345"]
[PlyCount "59"]

1. e4 c5 2. Nc3 Nc6 3. Bb5 e6 4. Bxc6 bxc6 5. Nf3 d5 6. d3 Nf6 7. O-O Be7 8.
Re1 O-O 9. Bg5 Ba6 10. b3 h6 11. Bd2 Rc8 12. e5 Nd7 13. Na4 c4 14. dxc4 dxc4
15. Be3 Qc7 16. Qd4 c5 17. Qg4 Nxe5 18. Nxe5 Qxe5 19. Bxc5 Qc7 20. Bd4 g6 21.
Rxe6 Kh7 22. Rxa6 cxb3 23. Rxa7 Qxc2 24. axb3 Bd6 25. Be3 Be5 26. Rf1 Qxb3 27.
Nb6 Rce8 28. Nd7 Rg8 29. Nxe5 Rxe5 30. Qf4 1-0

[Event "Championnat de France - Accession"]
[Site "Pau"]
[Date "2008.08.12"]
[Round "1.16"]
[White "Guennoun, Anthony"]
[Black "Rouler, Charly"]
[Result "1-0"]
[WhiteElo "2178"]
[BlackElo "2326"]
[PlyCount "55"]

1. e4 c5 2. Nf3 e6 3. d4 cxd4 4. Nxd4 a6 5. Nc3 b5 6. g3 Bb7 7. Bg2 Nf6 8. O-O
d6 9. Bg5 b4 10. Bxf6 gxf6 11. Nd5 exd5 12. exd5 Bc8 13. Re1+ Be7 14. Qh5 h6
15. Ne6 Qa5 16. a3 Ra7 17. axb4 Qxb4 18. c3 Qb6 19. c4 Rg8 20. b4 Nd7 21. c5
dxc5 22. bxc5 Nxc5 23. Nxc5 Bg4 24. Qxh6 Qxc5 25. Qxf6 Kd8 26. Qf4 Ra8 27. d6
Qxd6 28. Qxd6+ 1-0

[Event "Championnat de France - Accession"]
[Site "Pau"]
[Date "2008.08.12"]
[Round "1.17"]
[White "Lagarde, Maxime"]
[Black "Amoyal, Pierre"]
[Result "1-0"]
[WhiteElo "2322"]
[BlackElo "2175"]
[PlyCount "95"]

1. e4 e5 2. Nf3 Nc6 3. d4 exd4 4. Bc4 Nf6 5. e5 Ne4 6. Qe2 Nc5 7. c3 d3 8. Bxd3
Nxd3+ 9. Qxd3 Be7 10. O-O O-O 11. Bf4 a5 12. c4 Nb4 13. Qe2 f6 14. Nbd2 f5 15.
h3 b6 16. a3 Na6 17. Rad1 a4 18. Nd4 Nc5 19. Nb1 Qe8 20. Nc3 c6 21. Rfe1 Qf7
22. Rc1 Re8 23. Nd1 Ne6 24. Nxe6 Qxe6 25. Qe3 Ba6 26. Qxb6 Bxc4 27. Ne3 Bb3 28.
Qd4 Ra5 29. Nc4 Rd5 30. Qe3 Bc5 31. Qg3 Bd4 32. Kh2 Rb8 33. Ne3 Rdb5 34. Re2
Ba2 35. Rd1 c5 36. Nc2 Bc4 37. Red2 Rb3 38. f3 Rxb2 39. Nxd4 cxd4 40. Rxd4 R8b7
41. Rd6 Qf7 42. Rc1 h5 43. Rf6 Qd5 44. Bh6 d6 45. Rxd6 h4 46. Qf4 Qc5 47. Rxc4
Qf2 48. Rc8+ 1-0

[Event "Championnat de France - Accession"]
[Site "Pau"]
[Date "2008.08.12"]
[Round "1.18"]
[White "Massoni, Michael"]
[Black "Camus De Solliers, Guillaume"]
[Result "1/2-1/2"]
[WhiteElo "2172"]
[BlackElo "2319"]
[PlyCount "61"]

1. e4 c5 2. Nf3 e6 3. d4 cxd4 4. Nxd4 Nc6 5. Nc3 Qc7 6. Be2 a6 7. Be3 Nf6 8.
O-O Bb4 9. Na4 Be7 10. Nxc6 bxc6 11. Qd3 c5 12. c4 Bb7 13. Nc3 O-O 14. Rad1
Rfd8 15. Qc2 Bc6 16. f4 d6 17. Bf3 Qb7 18. Rd2 Rab8 19. b3 Ne8 20. Ne2 a5 21.
e5 Nc7 22. exd6 Bxd6 23. Bxc6 Qxc6 24. Rfd1 Na6 25. Nc3 Be7 26. Qe4 Qxe4 27.
Nxe4 Rxd2 28. Rxd2 Rb7 29. Nd6 Rb8 30. Ne4 Rb7 31. Nd6 1/2-1/2

[Event "Championnat de France - Accession"]
[Site "Pau"]
[Date "2008.08.12"]
[Round "1.19"]
[White "Crut, Aurelien"]
[Black "Barj, Julien"]
[Result "1-0"]
[WhiteElo "2316"]
[BlackElo "2160"]
[PlyCount "105"]

1. e4 c5 2. Nf3 d6 3. Bb5+ Nd7 4. d4 cxd4 5. Qxd4 e5 6. Qd3 Be7 7. Nc3 Ngf6 8.
Bg5 O-O 9. Bxd7 Qxd7 10. Rd1 Qg4 11. h3 Qh5 12. Bxf6 Bxf6 13. Ke2 Be6 14. Nd5
Rac8 15. c3 Qg6 16. Qe3 Rc6 17. g4 Bd8 18. Rhg1 b5 19. Rd3 Rc4 20. Nd2 Bxd5 21.
Rxd5 Bg5 22. Qd3 Bxd2 23. Kxd2 Rxe4 24. Rxd6 Qg5+ 25. Kc2 Qf4 26. Qd2 Qf3 27.
Rg3 Qf4 28. Rgd3 g6 29. f3 Qxd2+ 30. Kxd2 Ra4 31. a3 e4 32. fxe4 Rxe4 33. Ra6
Re7 34. Kc2 f5 35. gxf5 Rxf5 36. a4 Kg7 37. axb5 Rxb5 38. b4 Kh6 39. Kb3 Reb7
40. Ka4 Kh5 41. Rd4 Kg5 42. Ra5 Rxa5+ 43. Kxa5 Kf5 44. c4 Rg7 45. c5 g5 46. c6
Ke6 47. Kb5 h5 48. Kc5 g4 49. Rd6+ Ke5 50. hxg4 hxg4 51. Rd7 Rg8 52. c7 Ke6 53.
Rd8 1-0

[Event "Championnat de France - Accession"]
[Site "Pau"]
[Date "2008.08.12"]
[Round "1.20"]
[White "Lecoq, Julien"]
[Black "Demuth, Adrien"]
[Result "0-1"]
[WhiteElo "2160"]
[BlackElo "2315"]
[PlyCount "90"]

1. e4 c5 2. Nf3 Nc6 3. d4 cxd4 4. Nxd4 Nf6 5. Nc3 d6 6. Be3 Ng4 7. Nxc6 bxc6 8.
Bc1 Qb6 9. Qf3 g6 10. h3 Ne5 11. Qe3 Rb8 12. Qxb6 Rxb6 13. f4 Nd7 14. Bc4 Bg7
15. O-O Rb4 16. Bd3 Nc5 17. Rf3 f5 18. exf5 Nxd3 19. Rxd3 Bxf5 20. Rd2 h5 21.
Re2 Kd7 22. Nd1 Rhb8 23. c3 Ra4 24. Nf2 Be6 25. a3 Bd5 26. Be3 Bh6 27. g3 h4
28. Ng4 Bf3 29. Rd2 Bxg4 30. hxg4 hxg3 31. g5 Bg7 32. Kg2 e5 33. Kxg3 Rf8 34.
Rf1 Ke6 35. Rdf2 Re4 36. Bc1 Rf5 37. fxe5 Bxe5+ 38. Kh3 Rxf2 39. Rxf2 Re1 40.
Bd2 Rg1 41. Rf3 Rh1+ 42. Kg4 Rh2 43. Rd3 Rg2+ 44. Kh3 Rf2 45. b4 Kf5 0-1

[Event "Championnat de France - Accession"]
[Site "Pau"]
[Date "2008.08.13"]
[Round "2.1"]
[White "Pietrasanta, Jeremy"]
[Black "Shirazi, Kamran"]
[Result "1/2-1/2"]
[WhiteElo "2301"]
[BlackElo "2440"]
[PlyCount "115"]

1. e4 e5 2. Bc4 f5 3. d4 exd4 4. e5 d5 5. exd6 Bxd6 6. Ne2 Nc6 7. O-O Na5 8.
Bxg8 Rxg8 9. Nxd4 Nc6 10. Re1+ Kf7 11. Nxc6 bxc6 12. Nd2 Rf8 13. Nf3 f4 14. b3
Qf6 15. Rb1 Kg8 16. Bb2 Qg6 17. Qd3 Qxd3 18. cxd3 Bf5 19. Rbd1 a5 20. Nd4 a4
21. Nxc6 Rfe8 22. Nd4 Rxe1+ 23. Rxe1 Bxd3 24. Rd1 axb3 25. axb3 Ra2 26. Rxd3
Rxb2 27. g3 fxg3 28. hxg3 Bc5 29. Kf1 h6 30. Ne2 Bb6 31. Rf3 g5 32. g4 Kg7 33.
Ng3 Kg6 34. Kg2 Rc2 35. Nh5 Bd4 36. Ng3 Bc5 37. Nh5 Be7 38. Kf1 Rd2 39. Kg2 Rd4
40. Kh3 Rb4 41. Kg3 Bd6+ 42. Kh3 Be5 43. Re3 Bd4 44. Rf3 Rb6 45. Kg2 Re6 46.
Ng3 Re1 47. Rd3 Be5 48. Rf3 Rd1 49. Nf5 Bf4 50. Rh3 Rb1 51. Rxh6+ Kf7 52. Rh3
Ke6 53. Rd3 Ke5 54. Kf3 Rh1 55. Ke2 Rg1 56. Kf3 Rh1 57. Ke2 Rg1 58. Kf3 1/2-1/2

[Event "Championnat de France - Accession"]
[Site "Pau"]
[Date "2008.08.13"]
[Round "2.2"]
[White "Riff, Vincent"]
[Black "Aguettaz, Maxime"]
[Result "1/2-1/2"]
[WhiteElo "2290"]
[BlackElo "2426"]
[PlyCount "23"]

1. e4 c5 2. Nc3 Nc6 3. Bb5 Nd4 4. Bc4 e6 5. Nf3 Nf6 6. O-O a6 7. d3 b5 8. Bb3
Nxb3 9. axb3 Bb7 10. e5 b4 11. Na4 Nd5 12. c4 1/2-1/2

[Event "Championnat de France - Accession"]
[Site "Pau"]
[Date "2008.08.13"]
[Round "2.3"]
[White "Bailet, Pierre"]
[Black "Bujisho, Benjamin"]
[Result "0-1"]
[WhiteElo "2268"]
[BlackElo "2402"]
[PlyCount "90"]

1. e4 c5 2. Nf3 d6 3. Bb5+ Nc6 4. O-O Bd7 5. Re1 a6 6. Bxc6 Bxc6 7. d4 cxd4 8.
Qxd4 Nf6 9. Nc3 e5 10. Qd3 h6 11. Be3 Be7 12. Rad1 Qc7 13. Nd2 b5 14. a3 O-O
15. Nf1 Rfd8 16. Ng3 d5 17. exd5 Nxd5 18. Nxd5 Bxd5 19. Nf5 Bf8 20. Qe2 Be6 21.
Ng3 Rxd1 22. Rxd1 Rd8 23. Rxd8 Qxd8 24. h3 Qd5 25. Bd2 Bd7 26. Bb4 Bc6 27. Qf1
Bxb4 28. axb4 Qd2 29. Qe2 Qc1+ 30. Kh2 Qxb2 31. Qd2 g6 32. Qd8+ Kg7 33. Qd6
Qxc2 34. Qxe5+ Kh7 35. Qc7 Qc4 36. f3 Bd5 37. Qe5 Bc6 38. Qc7 h5 39. Qe7 Qf4
40. h4 Bd5 41. Qd8 Be6 42. Qg5 Qd6 43. Kh1 Bd5 44. Ne2 Bc4 45. Ng3 f6 0-1

[Event "Championnat de France - Accession"]
[Site "Pau"]
[Date "2008.08.13"]
[Round "2.4"]
[White "Guilleux, Fabien"]
[Black "Sanchez, Nicolas"]
[Result "1-0"]
[WhiteElo "2397"]
[BlackElo "2229"]
[PlyCount "57"]

1. Nf3 Nf6 2. c4 g6 3. Nc3 Bg7 4. e4 d6 5. d4 O-O 6. Be2 e5 7. Be3 Na6 8. O-O
Ng4 9. Bg5 Qe8 10. Re1 c6 11. Rb1 h6 12. Bh4 Kh7 13. dxe5 dxe5 14. Qd6 g5 15.
Bg3 f5 16. exf5 Bxf5 17. Rbd1 Rd8 18. Qxd8 Qxd8 19. Rxd8 Rxd8 20. h3 e4 21.
hxg4 exf3 22. gxf5 fxe2 23. Rxe2 Rf8 24. Re7 Rxf5 25. Rxb7 Kg6 26. Rxa7 Nc5 27.
Rc7 h5 28. Rxc6+ Kf7 29. Rc7+ 1-0

[Event "Championnat de France - Accession"]
[Site "Pau"]
[Date "2008.08.13"]
[Round "2.5"]
[White "Bleunven, Andre"]
[Black "Debray, Christopher"]
[Result "0-1"]
[WhiteElo "2261"]
[BlackElo "2378"]
[PlyCount "90"]

1. Nf3 c5 2. c4 Nf6 3. Nc3 g6 4. d4 cxd4 5. Nxd4 Bg7 6. e4 d6 7. Be2 Nc6 8. Be3
O-O 9. O-O Bd7 10. Qd2 Nxd4 11. Bxd4 Bc6 12. f3 a5 13. b3 Nd7 14. Be3 Nc5 15.
Rab1 Qb6 16. Kh1 Rfc8 17. Rfd1 h5 18. Qc2 Qb4 19. Bd2 Qb6 20. Be3 Kh7 21. Nd5
Bxd5 22. exd5 Qd8 23. a3 Qh8 24. Re1 Bc3 25. Red1 Kg8 26. Bd3 Qg7 27. Qe2 Rc7
28. Bc2 Rac8 29. Bf2 Be5 30. Be1 b6 31. b4 axb4 32. axb4 Nd7 33. Ba4 g5 34. Bf2
Rb8 35. Bc6 Bf6 36. Qa2 Ne5 37. Bb5 Qg6 38. Qa6 Rcc8 39. Bg1 Qf5 40. Rf1 h4 41.
h3 Ra8 42. Qb7 Ra2 43. Ba6 Rf8 44. Qxb6 Qc2 45. Bf2 Nd3 0-1

[Event "Championnat de France - Accession"]
[Site "Pau"]
[Date "2008.08.13"]
[Round "2.6"]
[White "Roos, Louis"]
[Black "Li, Frederic"]
[Result "1-0"]
[WhiteElo "2375"]
[BlackElo "2186"]
[PlyCount "67"]

1. c4 g6 2. g3 Bg7 3. Bg2 c5 4. Nc3 Nc6 5. d3 e6 6. Bd2 Nge7 7. a3 O-O 8. Rb1
d5 9. Nf3 Nf5 10. cxd5 exd5 11. O-O Re8 12. Re1 h6 13. Qc1 Kh7 14. e4 dxe4 15.
Nxe4 Nfd4 16. Nxd4 cxd4 17. Nc5 Rxe1+ 18. Qxe1 Qb6 19. b4 Bf5 20. Qe2 Rd8 21.
g4 Bc8 22. h3 a5 23. Qf3 axb4 24. axb4 Ne5 25. Qg3 Qb5 26. Bxh6 Bxh6 27. Qxe5
b6 28. Qc7 bxc5 29. Qxd8 Be6 30. Ra1 cxb4 31. Ra8 Bg7 32. Qg8+ Kh6 33. f4 g5
34. Be4 1-0

[Event "Championnat de France - Accession"]
[Site "Pau"]
[Date "2008.08.13"]
[Round "2.7"]
[White "Moussard, Jules"]
[Black "Payen, Arnaud"]
[Result "1/2-1/2"]
[WhiteElo "2255"]
[BlackElo "2372"]
[PlyCount "80"]

1. e4 g6 2. d4 Bg7 3. Nc3 c6 4. Bc4 d6 5. Qf3 e6 6. Nge2 Nd7 7. Bb3 a6 8. Bf4
Qe7 9. O-O-O e5 10. Be3 Ngf6 11. h3 b5 12. g4 h6 13. dxe5 dxe5 14. Kb1 Nc5 15.
Ng3 a5 16. Bxc5 Qxc5 17. a4 O-O 18. Rhg1 Rb8 19. Nf5 Be6 20. Nxh6+ Bxh6 21. g5
Bxb3 22. cxb3 Bxg5 23. Rxg5 Nh7 24. Rg3 bxa4 25. Nxa4 Qe7 26. Rc1 Qh4 27. Ka2
Rb4 28. Rg4 Qf6 29. Qe3 Rfb8 30. Rc3 Nf8 31. Nc5 Rd8 32. h4 a4 33. h5 axb3+ 34.
Rxb3 Rxb3 35. Nxb3 Qd6 36. Rg1 c5 37. hxg6 Nxg6 38. Kb1 c4 39. Nc1 Qc6 40. f3
Qf6 1/2-1/2

[Event "Championnat de France - Accession"]
[Site "Pau"]
[Date "2008.08.13"]
[Round "2.8"]
[White "Rabineau, Clement"]
[Black "Terrieux, Kevin"]
[Result "1/2-1/2"]
[WhiteElo "2234"]
[BlackElo "2360"]
[PlyCount "40"]

1. e4 c5 2. Nf3 Nc6 3. Nc3 Nf6 4. Bb5 g6 5. O-O Bg7 6. Re1 O-O 7. d3 Nd4 8. e5
Ne8 9. Bg5 h6 10. Bh4 Nc7 11. a4 Nf5 12. Bg3 Nxg3 13. hxg3 d6 14. d4 cxd4 15.
Qxd4 dxe5 16. Qe3 Bf5 17. Rad1 Qc8 18. Nxe5 Nxb5 19. axb5 Kh7 20. g4 Bxg4
1/2-1/2

[Event "Championnat de France - Accession"]
[Site "Pau"]
[Date "2008.08.13"]
[Round "2.9"]
[White "Metzger, Clement"]
[Black "Saucey, Michel"]
[Result "0-1"]
[WhiteElo "2179"]
[BlackElo "2348"]
[PlyCount "74"]

1. e4 g6 2. d4 Bg7 3. Nc3 d6 4. f4 a6 5. a4 Nc6 6. Be3 d5 7. e5 Nh6 8. h3 Nf5
9. Bf2 h5 10. g3 e6 11. Nf3 Bf8 12. Na2 b6 13. Bd3 Na5 14. Qe2 c5 15. c3 Nb3
16. Rd1 c4 17. Bc2 Bd7 18. Kf1 Bxa4 19. Kg2 Qd7 20. g4 Ng7 21. Rdf1 Na5 22. Bb1
O-O-O 23. Bh4 Be7 24. Bf6 Rdg8 25. Rh2 Bxf6 26. exf6 Ne8 27. Ne5 Qc7 28. Nxg6
fxg6 29. Qxe6+ Bd7 30. Qe7 Nc6 31. Qf7 Rf8 32. Qxd5 Nxf6 33. Qxc4 hxg4 34.
Qxa6+ Kb8 35. hxg4 Rxh2+ 36. Kxh2 Nxg4+ 37. Kg3 g5 0-1

[Event "Championnat de France - Accession"]
[Site "Pau"]
[Date "2008.08.13"]
[Round "2.10"]
[White "Tarchichi, Paul"]
[Black "Lagarde, Maxime"]
[Result "1-0"]
[WhiteElo "2153"]
[BlackElo "2322"]
[PlyCount "111"]

1. e4 c5 2. Nf3 d6 3. d4 cxd4 4. Nxd4 Nf6 5. Nc3 a6 6. Be2 e6 7. Be3 b5 8. O-O
b4 9. Na4 Nxe4 10. Bf3 Bb7 11. c3 Nd7 12. cxb4 d5 13. Rc1 Rc8 14. Rxc8 Qxc8 15.
Qb3 Be7 16. Rc1 Qa8 17. Bxe4 dxe4 18. Nc5 Nxc5 19. bxc5 O-O 20. c6 Bc8 21. c7
Bd7 22. Qb6 Bf6 23. Nc6 h6 24. b4 Qe8 25. Qxa6 Bc8 26. Qc4 Qd7 27. Na7 Bb2 28.
Rb1 Be5 29. b5 f5 30. Nxc8 Rxc8 31. b6 Bxc7 32. bxc7 Rxc7 33. Qd4 Qc8 34. g3
Kh7 35. Ra1 Rd7 36. Qe5 Rd5 37. Qb2 e5 38. Rc1 Qa6 39. Qb3 Qd6 40. Qc2 Qa6 41.
h3 Qg6 42. Kh2 Rd3 43. Qc7 Rd6 44. Rb1 f4 45. gxf4 exf4 46. Bxf4 Rc6 47. Qd7
Rc2 48. Be3 Qf6 49. Qg4 Qe5+ 50. Qg3 Qxg3+ 51. Kxg3 Rxa2 52. Rb4 g5 53. Rxe4
Kg6 54. Re6+ Kh5 55. Bd4 Ra3+ 56. f3 1-0